<?xml version="1.0" encoding="UTF-8"?>
<record
    xmlns:xsi="http://www.w3.org/2001/XMLSchema-instance"
    xsi:schemaLocation="http://www.loc.gov/MARC21/slim http://www.loc.gov/standards/marcxml/schema/MARC21slim.xsd"
    xmlns="http://www.loc.gov/MARC21/slim">

  <leader>00663nab a2200193 uc4500</leader>
  <controlfield tag="001">651825</controlfield>
  <controlfield tag="005">20240201163144.0</controlfield>
  <controlfield tag="008">010313e19950301                    spa  </controlfield>
  <datafield tag="035" ind1=" " ind2=" ">
    <subfield code="a">651825</subfield>
  </datafield>
  <datafield tag="035" ind1=" " ind2=" ">
    <subfield code="a">(OCoLC)819900910</subfield>
  </datafield>
  <datafield tag="040" ind1=" " ind2=" ">
    <subfield code="c">comduadb</subfield>
  </datafield>
  <datafield tag="041" ind1=" " ind2=" ">
    <subfield code="a">spa</subfield>
  </datafield>
  <datafield tag="100" ind1="1" ind2="0">
    <subfield code="a">Manzano, J. Ma.</subfield>
    <subfield code="4">aut</subfield>
    <subfield code="e">aut</subfield>
    <subfield code="9">334261</subfield>
  </datafield>
  <datafield tag="245" ind1="1" ind2="0">
    <subfield code="a">Alteraciones del lenguaje en la enfermedad de Alzheimer</subfield>
  </datafield>
  <datafield tag="650" ind1=" " ind2="7">
    <subfield code="a">Enfermedad de Alzheimer</subfield>
    <subfield code="2">dcs</subfield>
    <subfield code="9">13367</subfield>
  </datafield>
  <datafield tag="650" ind1=" " ind2=" ">
    <subfield code="a">Trastornos del lenguaje</subfield>
    <subfield code="9">69683</subfield>
  </datafield>
  <datafield tag="773" ind1="0" ind2=" ">
    <subfield code="t">Geriatrika : Revista Iberoamericana de Geriatr&#xED;a y Gerontolog&#xED;a (Madrid)</subfield>
    <subfield code="g">Vol. 11, No. 03, Mar. 1995, p.42-46</subfield>
    <subfield code="w">324183</subfield>
    <subfield code="x">0212-9744</subfield>
    <subfield code="0">107422</subfield>
  </datafield>
  <datafield tag="942" ind1=" " ind2=" ">
    <subfield code="c">ARIMP</subfield>
  </datafield>
  <datafield tag="999" ind1=" " ind2=" ">
    <subfield code="c">196002</subfield>
    <subfield code="d">196002</subfield>
  </datafield>
</record>
